دراسة تطور القطاع الزراعي ومعالم التنمية الزراعية.
يعد القطاع الزراعي أحد أهم المصادر الرئيسية للدخل القومي، لذا يقوم الجهاز المركزي للتعبئة العامة والإحصاء بإصدار دراسة عن تطور القطاع الزراعى، وتتضمن بيانات عن الملامح الأساسية للقطاع الزراعي وتطور الحيازات الزراعية والمساحات المزروعة.....
Saved in:
| 企业作者: | |
|---|---|
| 格式: | 序列 |
| 语言: | 阿拉伯语 |
| 出版: |
القاهرة :
الجهاز المركزى للتعبئة العامة و الإحصاء
|
| 主题: | |
| 标签: |
添加标签
没有标签, 成为第一个标记此记录!
|
MARC
| LEADER | 00000nas a2200000 a 4500 | ||
|---|---|---|---|
| 003 | INP | ||
| 005 | 20190404124543.0 | ||
| 008 | 070926c20uuuuuuua ar | s |000 f0ara d | ||
| 952 | |0 0 |1 0 |4 0 |6 338_186200000000000_د_ر_042013 |7 0 |8 نشرات التع |9 1408 |a INP |b INP |c JOUR |d 2018-03-08 |l 0 |o 338.1862 د ر 04-2013 |p 001021 |r 2022-03-28 00:00:00 |w 2018-03-08 |y PUB |0 0 |0 0 |0 0 | ||
| 999 | |c 6890 |d 6890 | ||
| 040 | |a EG-INP |c EG-INP |b ara | ||
| 082 | 0 | 4 | |a 338.1862 |b د ر 04-2013 |2 21 |
| 245 | 0 | 0 | |a دراسة تطور القطاع الزراعي ومعالم التنمية الزراعية. |
| 260 | |a القاهرة : |b الجهاز المركزى للتعبئة العامة و الإحصاء | ||
| 300 | |a مج. : |b ايض. ؛ |c 30 سم | ||
| 310 | |a سنوى | ||
| 500 | |a "مرجع رقم 135- 14606 / 2013" | ||
| 500 | |a إصدار إبريل 2013. | ||
| 520 | |a يعد القطاع الزراعي أحد أهم المصادر الرئيسية للدخل القومي، لذا يقوم الجهاز المركزي للتعبئة العامة والإحصاء بإصدار دراسة عن تطور القطاع الزراعى، وتتضمن بيانات عن الملامح الأساسية للقطاع الزراعي وتطور الحيازات الزراعية والمساحات المزروعة.. | ||
| 650 | 7 | |a التنمية الزراعية |v دوريات. |2 qrmak |z مصر | |
| 650 | 7 | |a الزراعة و الدولة. |2 qrmak | |
| 650 | 7 | |a الزراعة |x اقتصاديات |v احصائيات |v دوريات. |2 qrmak | |
| 650 | 7 | |a الزراعة |x جمعيات |v احصائيات. |2 qrmak | |
| 710 | 2 | |a الجهاز المركزي للتعبئة العامة والإحصاء. | |
| 901 | |a EGPV1 | ||
| 903 | |a original | ||
| 942 | |c PUB |2 ddc | ||